| 000 | 00496nam a2200145Ia 4500 | ||
|---|---|---|---|
| 008 | 170224s9999 xx 000 0 und d | ||
| 100 | _aWan Yang | ||
| 245 | 4 | _aThe Impact of Status Seeking on Consumers’ Word of Mouth and Product Preference—A Comparison Between Luxury Hospitality Services and Luxury Goods | |
| 245 | _cWan Yang, Anna S. Mattila | ||
| 260 | _bJournal of Hospitality & Tourism Research | ||
| 260 | _cJanuary | ||
| 300 | _a41:1 | ||
| 500 | _aJanuary | ||
| 650 | _xTourism. | ||
| 999 |
_c315631 _d315631 |
||